[Event "Johnson Tiles Maharashtra Chess League "]
[Site "Pune"]
[Date "2013.04.25"]
[Round "2"]
[White "Deshmukh, Anup"]
[Black "Bakre, Tejas"]
[Result "1/2-1/2"]
[WhiteElo "2254"]
[BlackElo "2500"]
[PlyCount "64"]
[EventDate "2013.04.24"]
[EventType "team-tourn (rapid)"]
[EventRounds "5"]
[EventCountry "IND"]

1. d4 d5 2. Nf3 Nf6 3. g3 c6 4. Bg2 Bf5 5. O-O h6 6. c4 e6 7. Nc3 Nbd7 8. Qb3
Qb6 9. c5 Qa6 10. Re1 b6 11. Bf1 Qc8 12. cxb6 axb6 13. Bf4 Be7 14. Rac1 O-O 15.
a3 Qb7 16. h4 Rfc8 17. Bg2 Ne4 18. Nd2 Nxc3 19. Rxc3 Bf6 20. e4 dxe4 21. Nxe4
Bxe4 22. Rxe4 Qa6 23. Rxe6 fxe6 24. Qxe6+ Kh8 25. Qxd7 Rd8 26. Qf5 Rxd4 27.
Rxc6 Rf8 28. Bxh6 Qd3 29. Qxd3 Rxd3 30. Be3 Bxb2 31. Rxb6 Bxa3 32. h5 Bc1
1/2-1/2

[Event "Johnson Tiles Maharashtra Chess League "]
[Site "Pune"]
[Date "2013.04.25"]
[Round "2"]
[White "Dhopade, Swapnil S"]
[Black "Ashwin, Jayaram"]
[Result "1/2-1/2"]
[WhiteElo "2376"]
[BlackElo "2472"]
[PlyCount "163"]
[EventDate "2013.04.24"]
[EventType "team-tourn (rapid)"]
[EventRounds "5"]
[EventCountry "IND"]

1. d4 Nf6 2. c4 e6 3. Nc3 Bb4 4. e3 b6 5. Nge2 c5 6. a3 Ba5 7. Rb1 Na6 8. g3
Bb7 9. d5 b5 10. Bg2 bxc4 11. O-O O-O 12. e4 exd5 13. e5 Ng4 14. Bxd5 Bc6 15.
Bf4 Re8 16. Bxc6 dxc6 17. Qa4 Nxe5 18. Bxe5 Rxe5 19. Qxc4 Nc7 20. Rfd1 Qe7 21.
Qa4 Bxc3 22. Nxc3 Qe6 23. Qa5 Nd5 24. Nxd5 Rxd5 25. Rxd5 Qxd5 26. Rc1 c4 27.
Qc3 Qb5 28. Qxc4 Qxb2 29. Qxc6 Rf8 30. a4 g6 31. Rd1 Qb6 32. Qd7 Rb8 33. Qe7 a5
34. Rd7 Qb3 35. Rd8+ Rxd8 36. Qxd8+ Kg7 37. Qxa5 Qb1+ 38. Kg2 Qe4+ 39. Kg1 Qb1+
40. Kg2 Qe4+ 41. Kf1 Qh1+ 42. Ke2 Qe4+ 43. Kd2 Qd4+ 44. Ke2 Qe4+ 45. Kd2 Qd4+
46. Kc2 Qxf2+ 47. Qd2 Qf5+ 48. Kb2 Qe4 49. a5 Qa4 50. Qc3+ f6 51. Qc7+ Kg8 52.
Qb8+ Kg7 53. Qc7+ Kg8 54. Qb6 Kg7 55. a6 g5 56. Qb7+ Kg6 57. a7 Qd4+ 58. Kb3
Qd3+ 59. Ka4 Qc4+ 60. Ka5 Qc5+ 61. Ka6 Qa3+ 62. Kb6 Qb4+ 63. Kc7 Qe7+ 64. Kb8
Qd8+ 65. Qc8 Qb6+ 66. Qb7 Qd8+ 67. Qc8 Qb6+ 68. Ka8 f5 69. Qg8+ Kh6 70. Qf8+
Kg6 71. Qe8+ Kh6 72. Qf8+ Kg6 73. Qg8+ Kh6 74. Qf8+ Kg6 75. Qe8+ Kh6 76. Qf8+
Kg6 77. Qg8+ Kh6 78. Qf8+ Kg6 79. Qe8+ Kh6 80. Qf8+ Kg6 81. Qg8+ Kh6 82. Qf8+
1/2-1/2

[Event "Johnson Tiles Maharashtra Chess League "]
[Site "Pune"]
[Date "2013.04.25"]
[Round "2"]
[White "Nadig, Kruttika"]
[Black "Gole, Shweta"]
[Result "1-0"]
[WhiteElo "2236"]
[BlackElo "1934"]
[PlyCount "51"]
[EventDate "2013.04.24"]
[EventType "team-tourn (rapid)"]
[EventRounds "5"]
[EventCountry "IND"]

1. e4 e6 2. d4 d5 3. Nc3 Nf6 4. e5 Nfd7 5. f4 c5 6. Nf3 Nc6 7. Be3 Qb6 8. Na4
Qa5+ 9. c3 cxd4 10. b4 Qc7 11. Nxd4 g5 12. g3 gxf4 13. gxf4 Be7 14. Qh5 Nxd4
15. Bxd4 a5 16. Bb5 Rg8 17. Qxh7 Rf8 18. Bb6 Qb8 19. bxa5 Bd8 20. Rg1 Bc7 21.
Bc5 Rxa5 22. Bxf8 Rxb5 23. Ba3 Qa7 24. Rg8+ Nf8 25. Rxf8+ Kd7 26. Rxf7+ 1-0

[Event "Johnson Tiles Maharashtra Chess League "]
[Site "Pune"]
[Date "2013.04.25"]
[Round "2"]
[White "Grover, Sahaj"]
[Black "Mohanty, Kiran Manisha"]
[Result "1-0"]
[WhiteElo "2467"]
[BlackElo "2195"]
[PlyCount "83"]
[EventDate "2013.04.24"]
[EventType "team-tourn (rapid)"]
[EventRounds "5"]
[EventCountry "IND"]

1. d4 Nf6 2. c4 g6 3. Nc3 d5 4. Bg5 Ne4 5. Bh4 Nxc3 6. bxc3 dxc4 7. e3 Be6 8.
Nf3 Bg7 9. Be2 Nd7 10. O-O Nb6 11. a4 a5 12. Nd2 O-O 13. Qc2 Qe8 14. Bg3 Qd7
15. Rfb1 Ra7 16. Rb5 Bd5 17. Bf3 Bxf3 18. Nxf3 Nc8 19. Nd2 c6 20. Rb2 Nd6 21.
Rab1 Qe6 22. Rb6 h5 23. Qa2 Re8 24. Bxd6 exd6 25. Qxc4 d5 26. Qd3 Re7 27. Nb3
h4 28. Nc5 Qf6 29. h3 g5 30. Nxb7 Bf8 31. c4 dxc4 32. Qxc4 Re6 33. Nc5 Bxc5 34.
Qxc5 Ra8 35. Rb8+ Re8 36. Rxe8+ Rxe8 37. Qxa5 Qg6 38. Rc1 g4 39. hxg4 Qxg4 40.
Kh2 Re6 41. Qa8+ Kg7 42. Rxc6 1-0

[Event "Johnson Tiles Maharashtra Chess League "]
[Site "Pune"]
[Date "2013.04.25"]
[Round "2"]
[White "Laxman, RR."]
[Black "Kelkar, Abhishek"]
[Result "1/2-1/2"]
[WhiteElo "2517"]
[BlackElo "2259"]
[PlyCount "62"]
[EventDate "2013.04.24"]
[EventType "team-tourn (rapid)"]
[EventRounds "5"]
[EventCountry "IND"]

1. d4 Nf6 2. c4 g6 3. Nc3 Bg7 4. e4 d6 5. h3 O-O 6. Bg5 Nbd7 7. Nf3 e5 8. d5 a5
9. Bd3 Nc5 10. Bc2 h6 11. Be3 Kh7 12. g4 Nfd7 13. Qe2 c6 14. O-O-O Qc7 15. Kb1
Nb6 16. Bxc5 dxc5 17. d6 Qd8 18. b3 Be6 19. Qe3 Nd7 20. Nd5 a4 21. Nc7 axb3 22.
axb3 Ra7 23. Kb2 Qf6 24. Ra1 Rxa1 25. Rxa1 Rb8 26. Rd1 b5 27. cxb5 cxb5 28. g5
Qf4 29. Nxe6 fxe6 30. h4 h5 31. Qe2 Rb6 1/2-1/2

[Event "Johnson Tiles Maharashtra Chess League "]
[Site "Pune"]
[Date "2013.04.25"]
[Round "2"]
[White "Soumya, Swaminathan"]
[Black "Kulkarni, Rakesh"]
[Result "0-1"]
[WhiteElo "2300"]
[BlackElo "2277"]
[PlyCount "86"]
[EventDate "2013.04.24"]
[EventType "team-tourn (rapid)"]
[EventRounds "5"]
[EventCountry "IND"]

1. e4 c5 2. Nf3 e6 3. d4 cxd4 4. Nxd4 a6 5. Bd3 Qc7 6. O-O Nf6 7. Qe2 d6 8. c4
g6 9. Nc3 Bg7 10. Nf3 O-O 11. Bf4 Nbd7 12. Rac1 b6 13. Rfd1 Ng4 14. Bb1 Nge5
15. b3 Nxf3+ 16. Qxf3 Ne5 17. Qe3 Rb8 18. Qd2 Rd8 19. h3 Bb7 20. Be3 Bf8 21.
Bg5 Re8 22. f4 Nc6 23. Nd5 exd5 24. cxd5 Qd7 25. dxc6 Bxc6 26. e5 d5 27. b4 a5
28. a3 axb4 29. axb4 Ba4 30. Rf1 Qb5 31. Ba2 Bxb4 32. Qxd5 Qxd5 33. Bxd5 Bc5+
34. Kh2 Rbc8 35. Ra1 Bc6 36. Bb3 Rc7 37. Bf6 Bd7 38. g4 Be6 39. Bxe6 fxe6 40.
Rfd1 Kf7 41. Rac1 Ra8 42. Rc2 Bg1+ 43. Kxg1 Rxc2 0-1

[Event "Johnson Tiles Maharashtra Chess League "]
[Site "Pune"]
[Date "2013.04.25"]
[Round "2"]
[White "Subbaraman, Vijayalakshmi"]
[Black "Vidit, Santosh Gujarathi"]
[Result "0-1"]
[WhiteElo "2342"]
[BlackElo "2549"]
[PlyCount "108"]
[EventDate "2013.04.24"]
[EventType "team-tourn (rapid)"]
[EventRounds "5"]
[EventCountry "IND"]

1. d4 Nf6 2. Nf3 e6 3. g3 b5 4. Bg2 Bb7 5. a4 b4 6. O-O Be7 7. Nbd2 O-O 8. Re1
d5 9. Ne5 c5 10. dxc5 Bxc5 11. Nb3 Bd6 12. Nd3 Nbd7 13. a5 Ba6 14. Bg5 Qc7 15.
Qd2 Rab8 16. Bxf6 Nxf6 17. Rec1 e5 18. c3 bxc3 19. Rxc3 Bc4 20. Nbc1 e4 21. Rc2
Qe7 22. Ne1 Bb4 23. Qd1 Qe5 24. Ra4 Bxe1 25. Qxe1 Rxb2 26. Qc3 Qxc3 27. Rxc3
Rfb8 28. Bf1 h5 29. e3 Bxf1 30. Kxf1 Ng4 31. Ra2 Rxa2 32. Nxa2 Rb2 33. Rc8+ Kh7
34. Nc3 Rxf2+ 35. Ke1 Rc2 36. Rc7 Nxe3 37. Nxd5 Rxc7 38. Nxc7 Nc4 39. a6 Nd6
40. Nd5 Kg6 41. Ne7+ Kg5 42. Nc6 Nb5 43. Kf2 f5 44. Ke3 Nc7 45. Nxa7 Nxa6 46.
Nb5 Nb4 47. Nd6 Nc2+ 48. Kf2 Nd4 49. Nc4 h4 50. Ne3 Nf3 51. Kg2 g6 52. Nd5 Ne5
53. Kf2 h3 54. Nf4 Nd3+ 0-1

[Event "Johnson Tiles Maharashtra Chess League "]
[Site "Pune"]
[Date "2013.04.25"]
[Round "2"]
[White "Narayanan, Srinath"]
[Black "Ganguly, Surya Shekhar"]
[Result "1/2-1/2"]
[WhiteElo "2440"]
[BlackElo "2630"]
[PlyCount "37"]
[EventDate "2013.04.24"]
[EventType "team-tourn (rapid)"]
[EventRounds "5"]
[EventCountry "IND"]

1. e4 c5 2. Nf3 d6 3. d4 cxd4 4. Nxd4 Nf6 5. Nc3 a6 6. h3 e5 7. Nde2 h5 8. Bg5
Be6 9. g3 Nbd7 10. Bg2 Be7 11. Qd2 Qb6 12. b3 Rc8 13. Rd1 Qc6 14. O-O b5 15. a3
Qc5 16. Be3 Qc7 17. Bg5 Qc5 18. Be3 Qc7 19. Bg5 1/2-1/2

[Event "Johnson Tiles Maharashtra Chess League "]
[Site "Pune"]
[Date "2013.04.25"]
[Round "2"]
[White "Udeshi, Aditya"]
[Black "Sunilduth Lyna, Narayanan"]
[Result "1/2-1/2"]
[WhiteElo "2416"]
[BlackElo "2372"]
[PlyCount "59"]
[EventDate "2013.04.24"]
[EventType "team-tourn (rapid)"]
[EventRounds "5"]
[EventCountry "IND"]

1. e4 c6 2. d4 d5 3. Nc3 dxe4 4. Nxe4 Bf5 5. Ng3 Bg6 6. Nh3 Nf6 7. Nf4 e5 8.
Nxg6 hxg6 9. dxe5 Qxd1+ 10. Kxd1 Ng4 11. Ke1 Nxe5 12. f4 Ng4 13. h3 Nf6 14. Bc4
Bc5 15. Ke2 O-O 16. Bd2 Nbd7 17. Rhe1 b5 18. Bb3 a5 19. a4 Bb6 20. Kf3 Nc5 21.
Be3 Nxb3 22. cxb3 Bxe3 23. Rxe3 Nd5 24. Rd3 Rfb8 25. Ne4 bxa4 26. Rxa4 Rb5 27.
Nd6 Rb4 28. Nc4 Rb5 29. Nd6 Rb4 30. Nc4 1/2-1/2

[Event "Johnson Tiles Maharashtra Chess League "]
[Site "Pune"]
[Date "2013.04.25"]
[Round "2"]
[White "Karavade, Eesha"]
[Black "Gomes, Mary Ann"]
[Result "1-0"]
[WhiteElo "2389"]
[BlackElo "2387"]
[PlyCount "101"]
[EventDate "2013.04.24"]
[EventType "team-tourn (rapid)"]
[EventRounds "5"]
[EventCountry "IND"]

1. d4 g6 2. e4 Bg7 3. Nf3 c6 4. c4 d5 5. cxd5 cxd5 6. exd5 Nf6 7. Nc3 Nxd5 8.
Qb3 Nxc3 9. bxc3 O-O 10. Be2 Nc6 11. O-O Qc7 12. Bg5 Be6 13. Qa3 Rfc8 14. Rab1
h6 15. Bh4 g5 16. Bg3 Qa5 17. Qb2 b6 18. Ra1 f5 19. h3 f4 20. Bh2 Nd8 21. Rfc1
Nf7 22. Nd2 Rc7 23. Bd3 Rac8 24. Ne4 Nd6 25. Nxd6 exd6 26. Qe2 Bf5 27. Ba6 Rf8
28. Bc4+ Kh8 29. h4 Bg6 30. Bd3 Bxd3 31. Qxd3 g4 32. Qg6 Qf5 33. Qxd6 Rcf7 34.
Re1 Qh5 35. Re4 Rf6 36. Qc7 R6f7 37. Re7 Rxe7 38. Qxe7 Kh7 39. Re1 Qf5 40. Qe4
Kg8 41. Qxf5 Rxf5 42. Re7 a5 43. Re6 b5 44. Re4 f3 45. Rxg4 fxg2 46. Kxg2 Rf7
47. Be5 Kf8 48. Bxg7+ Rxg7 49. Rxg7 Kxg7 50. Kf3 Kf6 51. Ke4 1-0

[Event "Johnson Tiles Maharashtra Chess League "]
[Site "Pune"]
[Date "2013.04.25"]
[Round "2"]
[White "Puranik, Abhimanyu"]
[Black "Kathmale, Sameer"]
[Result "0-1"]
[WhiteElo "2224"]
[BlackElo "2275"]
[PlyCount "80"]
[EventDate "2013.04.24"]
[EventType "team-tourn (rapid)"]
[EventRounds "5"]
[EventCountry "IND"]

1. e4 c6 2. d4 d5 3. exd5 cxd5 4. c4 Nf6 5. Nc3 g6 6. Nf3 Bg7 7. cxd5 O-O 8.
Bc4 Na6 9. O-O Nc7 10. Qb3 a6 11. a4 b5 12. Bd3 bxa4 13. Qxa4 Nfxd5 14. Nxd5
Nxd5 15. Be4 Rb8 16. Qc4 Nf6 17. Bc2 Bb7 18. Ne5 Rc8 19. Qa4 Qd5 20. f3 Rxc2
21. Qxc2 Qxd4+ 22. Qf2 Qxe5 23. Re1 Qd6 24. Be3 Nd5 25. Bd4 Bxd4 26. Qxd4 Nf4
27. Qe3 Rd8 28. Rad1 Qxd1 29. Rxd1 Rxd1+ 30. Kf2 e5 31. Qc3 h5 32. h4 Kh7 33.
b4 Bd5 34. Qc2 Ra1 35. Qc7 Ra2+ 36. Kf1 Rxg2 37. Qc8 Bxf3 38. b5 Be2+ 39. Ke1
Nd3+ 40. Kd2 Bg4+ 0-1

[Event "Johnson Tiles Maharashtra Chess League "]
[Site "Pune"]
[Date "2013.04.25"]
[Round "2"]
[White "Meenakshi, Subbaramanian"]
[Black "Mokal, Prathamesh Sunil"]
[Result "0-1"]
[WhiteElo "2237"]
[BlackElo "2389"]
[PlyCount "52"]
[EventDate "2013.04.24"]
[EventType "team-tourn (rapid)"]
[EventRounds "5"]
[EventCountry "IND"]

1. d4 Nf6 2. Nf3 c5 3. d5 e6 4. Nc3 exd5 5. Nxd5 Nxd5 6. Qxd5 Be7 7. e4 O-O 8.
Bc4 Nc6 9. Ng5 Qe8 10. c3 d6 11. Bf4 Bxg5 12. Qxg5 Qxe4+ 13. Be2 Re8 14. Be3
Qc2 15. Bf3 Ne5 16. O-O Nxf3+ 17. gxf3 Bh3 18. Rfc1 Qxb2 19. Qg3 Bf5 20. Qxd6
Re6 21. Qf4 Rg6+ 22. Kh1 Bh3 23. Qc4 Bg2+ 24. Kg1 Bxf3+ 25. Kf1 Rg2 26. Rab1
Rxh2 0-1